000 00703nam a2200205Ia 4500
003 IN-BaIIA
008 211028s9999 xx s 000 0 eng d
020 _a978-1-4614-3310-1 (Print)
020 _a978-1-4614-3311-8 (Online)
040 _cIIA Library
100 _aGolden, Leslie M.
_939004
245 0 _aLaboratory Experiments in Physics for Modern Astronomy
_h[eBook]
260 _aNew York
_bSpringer New York
_c2013
300 _aOnline resource
650 _a Astronomy, Astrophysics and Cosmology
_936176
650 _a Astronomy, Observations and Techniques
_932107
650 _aPhysics
_973
856 _uhttp://doi.org/10.1007/978-1-4614-3311-8
_yClick Here to Access eBook
942 _cEB
999 _c21039
_d21039